Open Data Biblioteca Nacional de Portugal


República Portuguesa: Ministério da Cultura
Biblioteca Nacional de Portugal

Catálogo da BNP: acesso por Identificadores Unívocos
Registos Bibliográficos associados ao registo de autoridade

Etiqueta de registo: 00000nam 2200025 450
001 2286583
003 http://id.bnportugal.gov.pt/bib/catbnp/2286583
100 ## $a20260520d2024 k y0pory01030103ba
101 0# $aeng$dpor
102 ## $aPT
105 ## $aa m 000yy
106 ## $ar
200 1# $aComposite materials for electromagnetic shielding$eexperimental and theoretical analysis$fLuís Carlos Neto Martins$gorient. António José Vilela Pontes, Nuno Miguel Machado Reis Peres
210 #9 $a[S.l.$cs.n.],$d2024
215 ## $aXV, 184, [1] p.$cil.$d30 cm
328 #1 $aTese dout. Ciências e Engenharia de Polímeros e Compostos, Escola de Engenharia, Universidade do Minho, 2024EFG0001338346
700 #1 $aMartins,$bLuís Carlos Neto$31998828
702 #1 $aPontes,$bAntónio José Vilela$4727$31169091
702 #1 $aPeres,$bNuno Miguel Machado Reis$4727$3799232
801 #0 $aPT$bBN$gRPC
966 ## $lBN$mFGMON$x1
971 ## $corlando$d20260520

OpendataBNP@bnportugal.pt | Mais informação sobre acesso aos dados BNP